000 00366pab a2200145 454500
008 180718b1990 xxu||||| |||| 00| 0 eng d
100 _aDatta, Abhijit
245 _aSearch for autonomy and accountability in civic administration
260 _c1990
300 _a23-9
362 _aJul.-Sept.
650 _aLocal Government
773 _aNagarlok
909 _a12674
999 _c12674
_d12674